00420nam a2200193Ia 4500008004000000041000800040082001200048100000600060245004200066260004500108300000700153650000700160650000800167650001200175650000900187650000900196650001200205650000900217210210b1947 xxu||||| |||| 00| 0 eng d aeng a960/106 a- aIAS british history from 1947 to date aNew DelhibCareers Institute Regd.c1947 a17 ato aIAS ahistory afrom adate abritish a1947